000 00600nam a22002171 4500
001 sa 68011815
003 DLC
005 20260227112604.0
008 711115s1968 pk ab s 00000 eng
010 _asa 68011815
043 _aa-pk---
050 0 _aHA1730.5
_b.A52
082 _a315.49
110 1 0 _aPakistan.
_bCentral Statistical Office.
245 1 0 _a20 years of Pakistan in statistics, 1947-1967.
260 0 _aKarachi,
_bManager of Publications
_c[1968]
300 _axiv, 333 p.
_billus., maps.
_c25 cm.
350 _a8.50
500 _aCover title.
651 0 _aPakistan
_xStatistics.
999 _c84129
_d84129